<?xml version="1.0" encoding="UTF-8"?>
<record
    xmlns:xsi="http://www.w3.org/2001/XMLSchema-instance"
    xsi:schemaLocation="http://www.loc.gov/MARC21/slim http://www.loc.gov/standards/marcxml/schema/MARC21slim.xsd"
    xmlns="http://www.loc.gov/MARC21/slim">

  <leader>00955naa a22002051i 4500</leader>
  <controlfield tag="001">8607</controlfield>
  <controlfield tag="003">KOSZ 005</controlfield>
  <controlfield tag="005">20190610114327.0</controlfield>
  <controlfield tag="008">180207s2001    pl ||||f |||| 10| 0 pol d</controlfield>
  <datafield tag="040" ind1=" " ind2=" ">
    <subfield code="c">KOSZ 005/ac</subfield>
  </datafield>
  <datafield tag="041" ind1=" " ind2=" ">
    <subfield code="a">pol</subfield>
    <subfield code="b">eng</subfield>
  </datafield>
  <datafield tag="100" ind1="1" ind2=" ">
    <subfield code="a">KARPI&#x143;SKI, Tadeusz.</subfield>
    <subfield code="d">1996 - 2001.</subfield>
    <subfield code="b">Politechnika Koszali&#x144;ska - Wydzia&#x142; Mechaniczny,</subfield>
    <subfield code="c">Katedra In&#x17C;ynierii Produkcji</subfield>
  </datafield>
  <datafield tag="245" ind1="2" ind2="1">
    <subfield code="a">Mikrogeometria ziaren submikrokrystalicznego korundu spiekanego /</subfield>
    <subfield code="c">Tadeusz Karpi&#x144;ski, Jan Krzos.</subfield>
  </datafield>
  <datafield tag="246" ind1="3" ind2="1">
    <subfield code="a">Microgeometry of ceramic alumina abrasive grains</subfield>
  </datafield>
  <datafield tag="655" ind1=" " ind2="0">
    <subfield code="a">Materia&#x142;y konferencyjne.</subfield>
  </datafield>
  <datafield tag="650" ind1=" " ind2="0">
    <subfield code="a">In&#x17C;ynieria powierzchni</subfield>
  </datafield>
  <datafield tag="711" ind1="2" ind2="2">
    <subfield code="a">Naukowa Szko&#x142;a Obr&#xF3;bki &#x15A;ciernej</subfield>
    <subfield code="n">(24 ;</subfield>
    <subfield code="d">2001 ;</subfield>
    <subfield code="c">&#x141;opuszna, Polska).</subfield>
  </datafield>
  <datafield tag="773" ind1="0" ind2=" ">
    <subfield code="i">W :</subfield>
    <subfield code="t">XXIV Naukowa Szko&#x142;a Obr&#xF3;bki &#x15A;ciernej : &#x141;opuszna 6-8 wrze&#x15B;nia 2001 r. / red. Czes&#x142;aw Ni&#x17C;ankowski ; Politechnika Krakowska. -</subfield>
    <subfield code="d">Krak&#xF3;w : [b.w.] ; 2001. -</subfield>
    <subfield code="g">s. 63-70</subfield>
    <subfield code="z">8372421595</subfield>
  </datafield>
  <datafield tag="942" ind1=" " ind2=" ">
    <subfield code="c">ROZ</subfield>
    <subfield code="2">UKD</subfield>
  </datafield>
  <datafield tag="999" ind1=" " ind2=" ">
    <subfield code="c">8607</subfield>
    <subfield code="d">8607</subfield>
  </datafield>
  <datafield tag="952" ind1=" " ind2=" ">
    <subfield code="0">0</subfield>
    <subfield code="1">0</subfield>
    <subfield code="4">0</subfield>
    <subfield code="7">0</subfield>
    <subfield code="a">BPK</subfield>
    <subfield code="b">BPK</subfield>
    <subfield code="o">113293</subfield>
    <subfield code="y">ROZ</subfield>
  </datafield>
</record>
